Misrepresentation : a comparative study of English, Malaysian and Islamic law of contract /
Saved in:
| Main Author: | |
|---|---|
| Format: | Thesis |
| Language: | English |
| Published: |
Petaling Jaya :
International Islamic University Malaysia,
1995
|
| Subjects: | |
| Online Access: | Click here to view 1st 24 pages of the thesis. Members can view fulltext at the specified PCs in the library. |
| Tags: |
Add Tag
No Tags, Be the first to tag this record!
|
| LEADER | 019980000a22004090004500 | ||
|---|---|---|---|
| 001 | 108948 | ||
| 005 | 20090727161900.0 | ||
| 008 | 950816s1995 my f 001 eng c | ||
| 035 | |a 388708 | ||
| 035 | |a (Sirsi) 108948 | ||
| 040 | |a UIAM |b eng | ||
| 049 | |b m | ||
| 050 | 0 | 0 | |a KD1638 |
| 100 | 0 | |a Sa'odah bt. Ahmad | |
| 245 | 1 | 0 | |a Misrepresentation : |b a comparative study of English, Malaysian and Islamic law of contract / |c Sa'odah bt. Ahmad |
| 260 | 1 | |a Petaling Jaya : |b International Islamic University Malaysia, |c 1995 | |
| 300 | |a 135 p. ; |c 30 cm. | ||
| 500 | |a "This dissertation is submitted as partial requirement for completing Master of Comparative Laws Programme."--On t.p. | ||
| 502 | |a (M.C.L.) -- International Islamic University Malaysia, 1995. | ||
| 504 | |a Includes bibliographical references (leaves 136-138). | ||
| 533 | |a One copy | ||
| 596 | |a 1 | ||
| 650 | 0 | |a Contracts |z Great Britain | |
| 650 | 0 | |a Contracts |z Malaysia | |
| 650 | 0 | |a Contracts (Islamic law) | |
| 650 | 0 | |a Fraud |z Great Britain | |
| 650 | 0 | |a Fraud |z Malaysia | |
| 650 | 0 | |a Fraud (Islamic law) | |
| 655 | 0 | 7 | |a Theses, IIUM local |
| 690 | 0 | |a Dissertations, Academic z IIUM x Ahmad Ibrahim Kulliyyah of Laws | |
| 710 | 2 | |a International Islamic University Malaysia. |b Ahmad Ibrahim Kulliyyah of Laws | |
| 856 | 4 | |u http://studentrepo.iium.edu.my/handle/123456789/1703 |z Click here to view 1st 24 pages of the thesis. Members can view fulltext at the specified PCs in the library. | |
| 900 | |a zai-Az-naw | ||
| 999 | |c 430848 |d 462339 | ||
| 952 | |0 0 |6 T KD 001638 S239M 1995 |7 0 |8 THESES |9 750328 |a IIUM |b IIUM |c MULTIMEDIA |g 0.00 |o t KD1638S239M 1995 |p 00000388714 |r 2017-10-20 |t 1 |v 0.00 |y THESIS | ||
| 952 | |0 0 |6 TS CDF KD1638S239M 1995 |7 0 |8 THESES |9 792787 |a IIUM |b IIUM |c MULTIMEDIA |g 0.00 |o ts cdf KD1638S239M 1995 |p 00000894504 |r 2017-10-26 |t 1 |v 0.00 |y THESISDIG | ||
| 952 | |0 0 |6 AIC T KD1638S239M 1995 |7 0 |8 SAHMADIB |9 792788 |a IIUM |b IIUM |c SPECIALSH |g 0.00 |o aic t KD1638S239M 1995 |p 00011062583 |r 2018-11-01 |t 1 |v 0.00 |y BOKSPECL2H | ||
